Apuntes "Curso sobre la problemática actual" /

Furkejuvvon:
Bibliográfalaš dieđut
Searvvušdahkkit: UNAN. Departamento de Ciencias Sociales, UCA. Departamento de Historia UCA. Movimiento de Alumnos Ayundantes
Materiálatiipa: Texto
Almmustuhtton: Managua: UNAN
Fáddágilkorat: Lasit fáddágilkoriid
Eai fáddágilkorat, Lasit vuosttaš fáddágilkora!

MARC

LEADER 00000 a a2200000 04500
001 20901
003
040
090 |a 089400  
110 |a UNAN. Departamento de Ciencias Sociales  
245 |a Apuntes "Curso sobre la problemática actual" /  |c UNAN. Departamento de Ciencias Sociales  
260 |a Managua:   |b UNAN  
300 |a 274 p.  
710 |a UCA. Departamento de Historia   |a UCA. Movimiento de Alumnos Ayundantes  
999 |c 9881  |d 9881